{"text_format":"2","workbook":"xlsx","n_sheets":6,"sheets":["Planilha I - Eletrico","Planilha II - Hidráulico","Planilha III - Macenaria-Ferram","Planilha IV - Novos Materiais","Total Estimado","Total Estimado 2"],"not_rendered":{"charts":0,"images":1,"macros":0,"external_links":0,"defined_names":12,"comments":0,"pivot_tables":0},"unopened":[],"bounds":{"document_bytes":16777216,"sheet_cells":100000,"run_cost":"one","rows_first":2000,"rows_last":500,"rows_between":2000,"halvings":0,"cell_chars":16384,"cell_head_chars":4096},"cells_cut":0,"cells_raw":0,"read":"whole","date_system":"1900"}

{"sheet":"Planilha I - Eletrico","index":0,"n_rows":66,"n_cols":30,"rows_kept":66,"cut":false,"hidden":false,"merged":[[61,1,61,17],[8,1,8,19],[9,1,9,19],[3,3,3,19],[4,3,4,19],[5,3,5,19],[6,3,6,19],[10,1,10,19]]}
[]
[]
[]
[null,null,null,"MINISTÉRIO DA INTEGRAÇÃO NACIONAL - MI"]
[null,null,null,"COMPANIHA DE DESENVOLVIMENTO DOS VALES DO SÃO FRANCISCO E DO PARNAÍBA - CODEVASF"]
[null,null,null,"ÁREA DE GESTÃO ADMINISTRATIVA E DE SUPORTE LOGÍSTICO"]
[null,null,null,"Gerência de Patrimônio, Materiais e Serviços Auxiliares"]
[]
[null,"Planilha I"]
[null,"Material de Manutenção Elétrica"]
[]
[null,"Unidade: ",null,null,"Codevasf"]
[null,"Item","Código CATMAT","Natureza Despesa","Descrição Sucinta","Unid.","SEDE Consumo  Anual Estimado","1ª SR\nConsumo  Anual\nEstimado","2ª SR\nConsumo  Anual\nEstimado","3ª SR\nConsumo  Anual\nEstimado","4ª SR\nConsumo  Anual\nEstimado","5ª SR\nConsumo  Anual\nEstimado","6ª SR\nConsumo  Anual\nEstimado","7ª SR\nConsumo  Anual\nEstimado","8ª SR\nConsumo  Anual\nEstimado","Consumo  Anual \nGeral","Preço unitário máximo","Preço unitário máximo\n2015","Preço\nUnitário REGISTRADO 2016","Valor Global",null,"SEDE\nConsumo  Anual Estimado","1ª SR\nConsumo  Anual\nEstimado","2ª SR\nConsumo  Anual\nEstimado","3ª SR\nConsumo  Anual\nEstimado","4ª SR\nConsumo  Anual\nEstimado","5ª SR\nConsumo  Anual\nEstimado","6ª SR\nConsumo  Anual\nEstimado","7ª SR\nConsumo  Anual\nEstimado","8ª SR\nConsumo  Anual\nEstimado"]
[null,1,"BR0376467","30.90.30-26","Adaptador, tensão nominal 127/220, de um lado tomada 2P+T E universal, do outro plugue, padrão brasileiro, branca, NBR 14136/2002, 690660. (Do padrão  novo para o  antigo)\nMarca: equivalente ou superior à PIAL.","Unid.",240,20,0,0,10,25,20,50,0,{"$f":"SUM(G14:O14)","v":365},9.8000000000000007,13,3.87,{"$f":"P14*Q14","v":3577.0000000000005},null,{"$f":"Q14*G14","v":2352},{"$f":"H14*Q14","v":196},{"$f":"I14*Q14","v":0},{"$f":"J14*Q14","v":0},{"$f":"K14*Q14","v":98},{"$f":"L14*Q14","v":245.00000000000003},{"$f":"M14*Q14","v":196},{"$f":"N14*Q14","v":490.00000000000006},{"$f":"O14*Q14","v":0}]
[null,{"$f":"B14+1","v":2}," BR0395739","30.90.30-26","Adaptador, tensão nominal 127/220, tipo tomada 2P+T, corrente nominal 20, do padrão antigo para o novo, material termoplástico, normas técnicas NBR 14136, referência cód 64119, potência nominal 1905/3300\nMarca: equivalente ou superior à PIAL.","Unid.",240,20,15,0,10,25,20,50,0,{"$f":"SUM(G15:O15)","v":380},9.4,11.95,9.9,{"$f":"P15*Q15","v":3572},null,{"$f":"Q15*G15","v":2256},{"$f":"H15*Q15","v":188},{"$f":"I15*Q15","v":141},{"$f":"J15*Q15","v":0},{"$f":"K15*Q15","v":94},{"$f":"L15*Q15","v":235},{"$f":"M15*Q15","v":188},{"$f":"N15*Q15","v":470},{"$f":"O15*Q15","v":0}]
[null,3,"BR0390141","30.90.30-26","Cabo elétrico flexível, 2 x 4mm,  750V, PP, isolação interna PVC, anti-chama.\nCom certificação INMETRO / NBR 13249\nBobina com 500 metros\nMarca:  equivalente ou superior à Pirelli.","Metro",1000,0,1,0,300,1000,300,10,0,2611,8.69,7.9,2.98,22689.59,null,8690,0,8.69,0,2607,8690,2607,86.899999999999991,0]
[null,4,"BR0394031","30.90.30-26","Cabo elétrico flexível, PP 2 X 1.50 mm, 750V, material do condutor cobre, anti-chama, com isolamento em pvc - CLORETO DE POLIVINILA\nCom certificação INMETRO / NBR 13249\nMarca: equivalente ou superior à Megatron.                                                                                               ","Rolo 100 metros",8,0,5,1,3,2,4,10,0,33,250.9,259.05,109,8279.7000000000007,null,2007.2,0,1254.5,250.9,752.7,501.8,1003.6,2509,0]
[null,5,"BR0342939","30.90.30-26","Cabo elétrico flexível, PP 2 X 2.50 mm, 750V, material do condutor cobre, com isolamento em pvc\nCom certificação INMETRO / NBR 13249\nMarca: equivalente ou superior à Megatron.                                                                                                                                                                                                                          ","Rolo 100 metros",8,0,5,1,3,2,3,10,0,32,359.9,402.37,174,11516.8,null,2879.2,0,1799.5,359.9,1079.6999999999998,719.8,1079.6999999999998,3599,0]
[null,6,"BR0409524","30.90.30-26","Cabo elétrico flexível, PP 3 X 1.50 mm, 750V, material do condutor cobre,anti-chama, com isolamento em pvc -\nCom certificação INMETRO / NBR 13249\nMarca: equivalente ou superior à Megatron.                                                                                               ","Rolo 100 metros",8,0,5,1,3,2,3,10,0,32,379.69,377.59,194,12150.08,null,3037.52,0,1898.45,379.69,1139.07,759.38,1139.07,3796.9,0]
[null,7,"BR0332928","30.90.30-26","Cabo elétrico flexível, PP 3 X 2.50 mm, 750V, material do condutor cobre, anti-chama, com isolamento em pvc\nCom certificação INMETRO / NBR 13249\nMarca: equivalente ou superior à Pirelli.","Rolo 100 metros",8,0,5,4,3,2,3,10,0,35,419,551.57000000000005,248.7,14665,null,3352,0,2095,1676,1257,838,1257,4190,0]
[null,8,"BR0129763","30.90.30-17","Caixa de cabos par trançados categoria 6\nComposto por condutores de cobre nu recozido de 0,52mm (24AWG) de diâmetro nominal, isolados com polietileno sólido. Condutores torcidos em pares e reunidos formando o núcleo de 4 pares. Núcleo revestido por uma capa de PVC retardante à chama. Na cor azul. Comprimento de 305 metros por caixa.","Caixa com 305 metros",6,5,0,0,3,2,1,10,0,27,882,null,null,23814,null,5292,4410,0,0,2646,1764,882,8820,0]
[null,9,"BR0243116","30.90.30-26","Caixa passagem, material PVC rígido, tipo embutir, comprimento  4 polegadas, largura 4 polegada, cor amarela. \nMarca:  equivalente ou superior à Tigre..","Unid.",144,0,0,0,0,20,50,50,0,264,4.5199999999999996,9.5,3.98,1193.28,null,650.87999999999988,0,0,0,0,90.399999999999991,225.99999999999997,225.99999999999997,0]
[null,10,"BR0041629","30.90.30-26","Estabilizador de voltagem de 1000VA\nCapacidade de potencia nominal 1 KVA, tensão alimentação entrada 110/220 volts, tensão de alimentação de saída 115 v, com no mínimo 4 tomadas.\nGarantia de 1 ano.","UN",180,25,10,5,0,20,8,20,0,268,298,330.87,169.88,79864,null,53640,7450,2980,1490,0,5960,2384,5960,0]
[null,11,"BR0231995","30.90.30-26","Estabilizador de voltagem de 2000VA\nCapacidade de potencia nominal 2 KVA, tensão alimentação entrada 110/220 volts, tensão de alimentação de saída 115 v, com no mínimo 4 tomadas.\nGarantia de 1 ano.","UN",60,0,10,5,0,0,4,20,0,99,509,397.46,null,50391,null,30540,0,5090,2545,0,0,2036,10180,0]
[null,12,"BR0291227","30.90.30-26","Filtro linha, tensão alimentação 110/220 V, potência máxima 1.000 W, quantidade saída 5 tomadas para computador, características adicionais cabo de força de aproximadamente 1,30 M","Unid.",72,30,20,10,10,20,10,100,0,272,26.6,27.6,20.9,7235.2000000000007,null,1915.2,798,532,266,266,532,266,2660,0]
[null,13,"BR0239472","30.90.30-26","Fio elétrico flexível, paralelo, bitola 2 x 1,5 mm, material condutor cobre, material isolamento PVC\nMarca:  equivalente ou superior à Pirelli.","Rolo 100 metros",12,0,5,0,3,2,6,20,0,48,146,175.9,90.99,7008,null,1752,0,730,0,438,292,876,2920,0]
[null,14,"BR0238853","30.90.30-26","Fio elétrico flexível, paralelo, bitola 2 x 2,5 mm, material condutor cobre, material isolamento PVC\nMarca:  equivalente ou superior à Pirelli.","Rolo 100 metros",12,0,5,0,3,2,6,20,0,48,214.62,272.89999999999998,150,10301.76,null,2575.44,0,1073.0999999999999,0,643.86,429.24,1287.72,4292.3999999999996,0]
[null,15,"BR0224596","30.90.30-26","Fio flexível, 2,5mm,  para tensões de até 450/750 V., conforme NBR NM 247-3\n(cores: Vermelho, preto, branco, azul, amarelo e verde)\nMarca:  equivalente ou superior à Pirelli.","Rolo 100 metros",180,4,5,0,3,2,6,20,0,220,138.88999999999999,115,75.5,30555.799999999996,null,25000.199999999997,555.55999999999995,694.44999999999993,0,416.66999999999996,277.77999999999997,833.33999999999992,2777.7999999999997,0]
[null,16,"BR224597","30.90.30-26","Fio flexível, 4,0 mm, para tensões de até 450/750 V.\nCom certificação INMETRO / NBR 13249\n(cores: Vermelho, preto, branco, azul  e verde)\nMarca:  equivalente ou superior à Pirelli.","Rolo 100 metros",24,2,5,0,3,2,6,20,0,62,195,169.9,99.49,12090,null,4680,390,975,0,585,390,1170,3900,0]
[null,17,"BR0313047","30.90.30-26","Fita isolante elétrica, material básico PVC anti-chama, cor preta, comprimento 20 m, largura 19 mm","UN",120,50,16,10,15,10,50,50,0,321,10.95,12.8,4.1900000000000004,3514.95,null,1314,547.5,175.2,109.5,164.25,109.5,547.5,547.5,0]
[null,18,"BR0013773","33.90.30-26","Interruptor de embutir, duas sessões, conjugado com tomada","unid.",20,0,40,0,0,20,10,50,0,140,22.33,null,null,3126.2,null,446.59999999999997,0,893.19999999999993,0,0,446.59999999999997,223.29999999999998,1116.5,0]
[null,19,"BR0013773","33.90.30-26","Interruptor de embutir, três sessões","unid.",20,0,10,0,0,20,10,50,0,110,12,null,null,1320,null,240,0,120,0,0,240,120,600,0]
[null,20,"BR0013773","33.90.30-26","Interruptor de embutir, uma sessão","unid.",20,0,40,0,0,20,10,50,0,140,11,null,null,1540,null,220,0,440,0,0,220,110,550,0]
[null,21,"BR0013773","33.90.30-26","Interruptor de embutir, uma sessão, conjugado com tomada","unid.",10,0,20,0,0,20,10,50,0,110,17.829999999999998,null,null,1961.2999999999997,null,178.29999999999998,0,356.59999999999997,0,0,356.59999999999997,178.29999999999998,891.49999999999989,0]
[null,22,"BR0212380","30.90.30-26","Interruptor de sobrepor 01 seções completo, corrente nominal 10 A, composto de tampa, miolo, caixa padrão de sobrepor com 4 saidas de 20mm + 2 saidas de 40mm, parafuso, linha classe A - TIPO SISTEMA X.\nMarca:  equivalente ou superior à Pial Legrand.","Unid.",180,0,0,10,10,20,6,50,0,276,20.84,14.9,3.29,5751.84,null,3751.2,0,0,208.4,208.4,416.8,125.03999999999999,1042,0]
[null,23,"BR0212385","30.90.30-26","Interruptor de sobrepor 02 seções completo, corrente nominal 10 A, composto de tampa, miolo, caixa padrao de sobrepor com 4 saidas de 20mm + 2 saidas de 40mm, parafuso, linha classe A - TIPO SISTEMA X.\nMarca:  equivalente ou superior à Pial Legrand.","Unid.",180,0,0,10,10,20,6,50,0,276,33.700000000000003,26.9,11.79,9301.2000000000007,null,6066.0000000000009,0,0,337,337,674,202.20000000000002,1685.0000000000002,0]
[null,24,"BR0212390","30.90.30-26","Interruptor de sobrepor 03 seções completo, corrente nominal 10 A, composto de tampa, miolo, caixa padrão de sobrepor com 4 saidas de 20mm + 2 saidas de 40mm, parafuso, linha classe A - TIPO SISTEMA X.\nMarca:  equivalente ou superior à Pial Legrand.","Unid.",120,0,0,10,5,20,4,50,0,209,32.9,30.9,6.99,6876.0999999999995,null,3948,0,0,329,164.5,658,131.6,1645,0]
[null,25,"BR0261260","30.90.30-26","Lâmpada fluorescente compacta, potência 15 W, comprimento 140 mm, diâmetro  aproximadamente de 52 cm, tensão 220/240 V, características adicionais                                                                                                                    ","Unid.",180,0,0,0,0,20,10,0,0,210,18.809999999999999,17.5,7.4,3950.1,null,3385.7999999999997,0,0,0,0,376.2,188.1,0,0]
[null,26,"BR0245112","30.90.30-26","Lâmpada fluorescente compacta, tipo base Edson-27, potência 30, tensão 220","Unid.",60,0,0,0,10,20,10,0,0,100,14,12.5,11.7,1400,null,840,0,0,0,140,280,140,0,0]
[null,27,"BR0349219","30.90.30-26","Lâmpada fluorescente compacta, tipo base eletrônica, potência 45 W, tensão 220V","UN",120,0,0,0,10,20,10,200,0,360,49.6,39.4,21.7,17856,null,5952,0,0,0,496,992,496,9920,0]
[null,28,"BR0234117","30.90.30-26","Lâmpada Fluorescente HO 110, tubular, base bipino, potência 110 W, comprimento 2.400 mm, tensão alimentação 220V                    ","Unid.",840,0,0,0,0,20,10,0,0,870,39,14.8,null,33930,null,32760,0,0,0,0,780,390,0,0]
[null,29,"BR0256287","30.90.30-26","Lâmpada fluorescente tubular, base bipino, potência 20 W, tensão alimentação 220 V","Unid.",840,0,125,0,0,50,10,0,0,1025,7.42,6.25,5.32,7605.5,null,6232.8,0,927.5,0,0,371,74.2,0,0]
[null,30,"BR0232988","30.90.30-26","Lâmpada fluorescente, tubular, base bipino, potência 40 W, tensão alimentação 220 V","Unid.",840,400,250,0,0,100,10,20,0,1620,12.98,7.77,4.5999999999999996,21027.600000000002,null,10903.2,5192,3245,0,0,1298,129.80000000000001,259.60000000000002,0]
[null,31,"BR0424263\n","33.90.30-16","Lâmpada LED bulbo 10 W, 220 V","unid.",null,0,0,150,20,20,30,0,0,220,21,null,null,4620,null,0,0,0,3150,420,420,630,0,0]
[null,32,"BR0437541","33.90.30-16","Lâmpada tubular LED 18W - 1200mm, 220 V","unid.",null,50,0,150,100,50,40,300,0,690,43,null,null,29670,null,0,2150,0,6450,4300,2150,1720,12900,0]
[null,33,"BR0424263\n","33.90.30-16","Lâmpada tubular LED 38 W - 1200mm, 220 V","unid.",null,50,0,20,100,50,30,0,0,250,57.33,null,null,14332.5,null,0,2866.5,0,1146.5999999999999,5733,2866.5,1719.8999999999999,0,0]
[null,34,"BR0437543","33.90.30-16","Lâmpada tubular LED 9W - 600 m, 220 V","unid.",null,0,0,50,10,50,30,0,0,140,24,null,null,3360,null,0,0,0,1200,240,1200,720,0,0]
[null,35,"BR0311346","30.90.30-26","Lâmpada vapor mercúrio alta pressão 250W","Unid.",60,0,0,0,0,10,10,0,0,80,41.45,37.5,20.9,3316,null,2487,0,0,0,0,414.5,414.5,0,0]
[null,36,"BR042323\n","30.90.30-26","Lâmpada vapor metalica tubular de 440W","Unid.",48,0,0,0,6,10,10,0,0,74,81.06,138.80000000000001,98,5998.4400000000005,null,3890.88,0,0,0,486.36,810.6,810.6,0,0]
[null,37,"BR041629\n","30.90.30-26","NOBREAK\nPotência nominal 1400VA / 980 Watts (Fator de potência = 0,7).\nTensão de entrada: 115V / 220V – Bivolt.\nTensão de saída: 115V.\nPossui 2 baterias internas de 12V x 7Ah.\nPossui mínimo 5 tomadas de saída.\nInterativo com regulação ON LINE.\nEstabilizador com 4 estágios de regulação.\nMicro processado com tecnologia RISC de alta velocidade com memória Flash.\nFunção TRUE RMS.\nAuto teste: ao ser ligado, o equipamento autoexecuta uma rotina de testes em seus circuitos internos.\nGerenciador de Baterias para informar quando a bateria precisa ser substituída.\nRecarregador Strong Charger para permite a recarga das baterias mesmo com níveis muito baixos de carga. E conector do tipo engate rápido para expansão de autonomia.\nInversor sincronizado com a rede (PLL).\nForma de onda senoidal por aproximação: retangular PWM controle de largura e amplitude.\nPossui DC Start para permitir ser ligado na ausência de rede elétrica.\nLeds no painel frontal indicam as condições (status) do nobreak, como: modo rede, modo inversor/bateria, final de autonomia, subtensão, sobretensão, baterias em carga.\nPossui Alarme audiovisual intermitente para queda de rede e fim do tempo de autonomia.\nPossui Porta fusível externo com unidade reserva.","unid.",23,31,11,3,1,23,2,6,0,100,927.5,null,null,92750,null,21332.5,28752.5,10202.5,2782.5,927.5,21332.5,1855,5565,0]
[null,38,"BR0331262","30.90.30-26","[ Cota Exclusiva para ME e EPP em atendimento ao artigo 8º do Decreto nº 8.538, de 06/10/2015 ]\nNOBREAK\nPotência nominal 1400VA / 980 Watts (Fator de potência = 0,7).\nTensão de entrada: 115V / 220V – Bivolt.\nTensão de saída: 115V.\nPossui 2 baterias internas de 12V x 7Ah.\nPossui mínimo 5 tomadas de saída.\nInterativo com regulação ON LINE.\nEstabilizador com 4 estágios de regulação.\nMicro processado com tecnologia RISC de alta velocidade com memória Flash.\nFunção TRUE RMS.\nAuto teste: ao ser ligado, o equipamento autoexecuta uma rotina de testes em seus circuitos internos.\nGerenciador de Baterias para informar quando a bateria precisa ser substituída.\nRecarregador Strong Charger para permite a recarga das baterias mesmo com níveis muito baixos de carga. E conector do tipo engate rápido para expansão de autonomia.\nInversor sincronizado com a rede (PLL).\nForma de onda senoidal por aproximação: retangular PWM controle de largura e amplitude.\nPossui DC Start para permitir ser ligado na ausência de rede elétrica.\nLeds no painel frontal indicam as condições (status) do nobreak, como: modo rede, modo inversor/bateria, final de autonomia, subtensão, sobretensão, baterias em carga.\nPossui Alarme audiovisual intermitente para queda de rede e fim do tempo de autonomia.\nPossui Porta fusível externo com unidade reserva.","unid.",7,9,4,2,0,7,1,4,0,{"$f":"SUM(G51:O51)","v":34},927.5,null,null,{"$f":"P51*Q51","v":31535},null,6492.5,8347.5,3710,1855,0,6492.5,927.5,3710,0]
[null,39,"BR0399230\n","30.90.30-26","Tomada, modelo universal 2P+T, formato corpo redondo, corrente nominal 15 A, tensão nominal 250, características adicionais caixa sobrepor 70mm X 70mm X 27mm, para  instalação elétric, com parafusos.\nLinha classe A - TIPO SISTEMA X. \nConforme norma ABNT NBR 14136","UN",360,0,0,0,20,10,20,50,0,460,17.21,17.55,5.99,7916.6,null,6195.6,0,0,0,344.20000000000005,172.10000000000002,344.20000000000005,860.5,0]
[null,40,"BR0240105","30.90.30-26","Reator eletrônico, para lâmpada fluorescente HO (HIGH OUTPUT), 2  X 110 W,  110/220 V","Unid.",240,0,0,0,0,20,10,0,0,270,86.9,39.5,39.4,23463,null,20856,0,0,0,0,1738,869,0,0]
[null,41,"BR0416227","30.90.30-26","Reator externo, HQI de 400w.","Unid.",24,0,0,0,2,20,10,0,0,56,86.5,86.21,80,4844,null,2076,0,0,0,173,1730,865,0,0]
[null,42,"BR0418057","30.90.30-26","Reator lâmpada fluorescente, instantânea, eletrônico, potência nominal 20 W, tensão nominal 127/220 V, ALTO, quantidade 1 lâmpada, selo INMETRO garantia 2 anos, T10                                                                  ","Unid.",180,0,0,0,0,20,20,0,0,220,19.78,20.9,15.05,4351.6000000000004,null,3560.4,0,0,0,0,395.6,395.6,0,0]
[null,43,"BR0405815","30.90.30-26","Reator lâmpada fluorescente, instantânea, eletrônico, potência nominal 20 W, tensão nominal 127/220 V, ALTO, quantidade 2 lâmpadas, selo INMETRO garantia 2 anos, T10                                                                  ","Unid.",340,0,50,0,0,20,20,0,0,430,45.9,24.9,17.989999999999998,19737,null,15606,0,2295,0,0,918,918,0,0]
[null,44,"BR0405814","30.90.30-26","Reator lâmpada fluorescente, instantânea, eletrônico, potência nominal 40 W, tensão nominal 127/220 V, ALTO, quantidade 2 lâmpadas, selo INMETRO garantia 2 anos, T10       ","Unid.",340,100,100,0,0,20,20,0,0,580,46.97,22.9,18.61,27242.6,null,15969.8,4697,4697,0,0,939.4,939.4,0,0]
[null,45,"BR0207740","30.90.30-26","Reator lâmpada vapor mercúrio, tipo uso interno, potência nominal lâmpada 250 watt, tensão nominal 220 V, frequência nominal 60 hz, fator potência baixo, NBR 5.125/80","Unid.",24,0,0,0,0,20,20,0,0,64,54.13,50.59,40.25,3464.32,null,1299.1200000000001,0,0,0,0,1082.6000000000001,1082.6000000000001,0,0]
[null,46,"BR0234935","30.90.30-26","Receptáculo de rabicho para lâmpada fluorescente","Unid.",360,100,0,0,50,20,40,0,0,570,1.8,1.05,1.05,1026,null,648,180,0,0,90,36,72,0,0]
[null,47,"BR0364621","30.90.30-26","Soquete anti-vibratório para lâmpada fluorescente em geral EXCETO T5, braquilite, com Dimensões: altura: 6 cm, largura: 2,5 cm, profundidade: 2 cm","Unid.",360,100,0,0,50,50,50,0,0,610,2.5,1.78,1.67,1525,null,900,250,0,0,125,125,125,0,0]
[]
[null,"Total Geral",{"$nulls":17},{"$f":"SUM(T14:T61)","v":697216.05999999982},null,{"$f":"SUM(V14:V61)","v":328171.34000000003},66970.559999999998,46333.69,24535.489999999998,26372.210000000003,71766.399999999994,34895.769999999997,98170.6,0]
[]
[]
[]
[{"$nulls":21},{"$f":"SUM(V62:AD62)","v":697216.06}]

{"sheet":"Planilha II - Hidráulico","index":1,"n_rows":53,"n_cols":30,"rows_kept":53,"cut":false,"hidden":false,"merged":[[3,3,3,19],[4,3,4,19],[5,3,5,19],[6,3,6,19],[51,1,51,17],[9,1,9,19],[8,1,8,19],[10,1,10,19]]}
[]
[]
[]
[null,null,null,"MINISTÉRIO DA INTEGRAÇÃO NACIONAL - MI"]
[null,null,null,"COMPANIHA DE DESENVOLVIMENTO DOS VALES DO SÃO FRANCISCO E DO PARNAÍBA - CODEVASF"]
[null,null,null,"ÁREA DE GESTÃO ADMINISTRATIVA E DE SUPORTE LOGÍSTICO"]
[null,null,null,"Gerência de Patrimônio, Materiais e Serviços Auxiliares"]
[]
[null,"Planilha II"]
[null,"Material de Manutenção Hidráulica"]
[]
[null,"Unidade: CODEVASF"]
[null,"Item","Código CATMAT","Natureza Despesa","Descrição Sucinta","Unid.","SEDE\nConsumo  Anual Estimado","1ª SR\nConsumo  Anual\nEstimado","2ª SR\nConsumo  Anual\nEstimado","3ª SR\nConsumo  Anual\nEstimado","4ª SR\nConsumo  Anual\nEstimado","5ª SR\nConsumo  Anual\nEstimado","6ª SR\nConsumo  Anual\nEstimado","7ª SR\nConsumo  Anual\nEstimado","8ª SR\nConsumo  Anual\nEstimado","Consumo  Anual \nGeral","Preço unitário máximo","Preço unitário máximo\n2015","Preço unitário REGISTRADO 2016","Valor Global",null,"SEDE\nConsumo  Anual Estimado","1ª SR\nConsumo  Anual\nEstimado","2ª SR\nConsumo  Anual\nEstimado","3ª SR\nConsumo  Anual\nEstimado","4ª SR\nConsumo  Anual\nEstimado","5ª SR\nConsumo  Anual\nEstimado","6ª SR\nConsumo  Anual\nEstimado","7ª SR\nConsumo  Anual\nEstimado","8ª SR\nConsumo  Anual\nEstimado"]
[null,{"$f":"'Planilha I - Eletrico'!$B$60+1","v":48},"BR0235936","30.90.30-26","Anticorrosivo, lubrificante/desengrax \nAnte/antioxidante/penetrante, spray \nMarca:  equivalente ou superior à WD.","UN",20,30,0,5,10,2,10,5,0,{"$f":"SUM(G14:O14)","v":82},40,45,20,{"$f":"P14*Q14","v":3280},null,{"$f":"Q14*G14","v":800},{"$f":"H14*Q14","v":1200},{"$f":"I14*Q14","v":0},{"$f":"J14*Q14","v":200},{"$f":"K14*Q14","v":400},{"$f":"L14*Q14","v":80},{"$f":"M14*Q14","v":400},{"$f":"N14*Q14","v":200},{"$f":"O14*Q14","v":0}]
[null,{"$f":"B14+1","v":49},"BR0258317","33.90.30-24","Assento sanitário padrão, oval, almofadado, cor branco, tampo em prolipropileno","unid.",2,0,40,10,6,10,10,60,0,{"$f":"SUM(G15:O15)","v":138},91.5,null,null,{"$f":"P15*Q15","v":12627},null,{"$f":"Q15*G15","v":183},{"$f":"H15*Q15","v":0},{"$f":"I15*Q15","v":3660},{"$f":"J15*Q15","v":915},{"$f":"K15*Q15","v":549},{"$f":"L15*Q15","v":915},{"$f":"M15*Q15","v":915},{"$f":"N15*Q15","v":5490},{"$f":"O15*Q15","v":0}]
[null,{"$f":"B15+1","v":50},"BR0288460","30.90.30-26","Cascola (cola branca) galão","LT",7,0,5,5,5,4,10,10,0,46,25,17.149999999999999,17.149999999999999,1150,null,175,0,125,125,125,100,250,250,0]
[null,51,"BR0038342","30.90.30-24","Chuveiro elétrico, ducha eletrônica 220V 7500W, mangueira e ducha manual e suporte para fixação.\nMarca: equivalente ou superior à Lorenzetti.","UN",5,4,0,0,0,0,3,0,0,12,95.6,84.9,77.33,1147.1999999999998,null,478,382.4,0,0,0,0,286.79999999999995,0,0]
[null,52,"BR0232601","30.90.30-26","Cola adesiva para conexão hidráulica, acetona/metiletilcetona / tolual e resina pvc, prazo de validade de 1 ano após fabricação, tubos e conexões de pvc\nMarca:  equivalente ou superior à Tigre.","Frasco 175g",5,0,30,0,10,4,8,10,0,67,23.7,10,5.07,1587.8999999999999,null,118.5,0,711,0,237,94.8,189.6,237,0]
[null,53,"BR0243136","30.90.30-24","Conexão em PVC , tipo joelho, de 20mm (1/2\")\nClasse \" A \"\nMarca: equivalente ou superior à Tigre.","UN",50,0,100,0,30,20,10,20,0,230,4.3,1.88,1.46,989,null,215,0,430,0,129,86,43,86,0]
[null,54,"BR0243137","30.90.30-24","Conexão em PVC , tipo joelho, de 25mm (3/4\")\nClasse \" A \"\nMarca: equivalente ou superior à Tigre.","UN",50,0,100,0,30,20,10,20,0,230,4.3,2.37,2.27,989,null,215,0,430,0,129,86,43,86,0]
[null,55,"BR0346838","30.90.30-24","Conexão em PVC , tipo T, de 20mm (1/2\")\nClasse \" A \"\nMarca: equivalente ou superior à Tigre.","UN",50,0,100,0,30,20,10,20,0,230,4.3,3.83,0.41,989,null,215,0,430,0,129,86,43,86,0]
[null,56,"BR0346837","30.90.30-24","Conexão em PVC , tipo T, de 25mm (3/4\")\nClasse \" A \"\nMarca: equivalente ou superior à Tigre.","UN",50,0,100,0,30,20,10,20,0,230,4.3,3.3,0.45,989,null,215,0,430,0,129,86,43,86,0]
[null,57,"BR0295430","30.90.30-24","Conexão em PVC, tipo curva raio longo, de 20mm (1/2\")\nClasse \" A \"\nMarca: equivalente ou superior à Tigre.","UN",50,0,100,0,15,20,10,20,0,215,4.3,2.6,2.6,924.5,null,215,0,430,0,64.5,86,43,86,0]
[null,58,"BR0290182","30.90.30-24","Conexão em PVC, tipo curva raio longo, de 25mm (3/4\")\nClasse \" A \"\nMarca: equivalente ou superior à Tigre.","UN",50,0,100,0,15,20,10,20,0,215,4.3,2.2999999999999998,2.2999999999999998,924.5,null,215,0,430,0,64.5,86,43,86,0]
[null,59,"BR0039144","30.90.30-24","Conexão em PVC, tipo luva de correr, de 20mm (1/2\")\nClasse \" A \"\nMarca: equivalente ou superior à Tigre.","UN",50,0,100,0,30,20,10,20,0,230,9.5,8.99,8.49,2185,null,475,0,950,0,285,190,95,190,0]
[null,60,"BR0227725","30.90.30-24","Conexão em PVC, tipo luva de correr, de 25mm (3/4\")\nClasse \" A \"\nMarca: equivalente ou superior à Tigre.","UN",50,0,100,0,30,20,10,20,0,230,16.690000000000001,12.9,6.99,3838.7000000000003,null,834.50000000000011,0,1669.0000000000002,0,500.70000000000005,333.8,166.9,333.8,0]
[null,61,"BR0034525 ","30.90.30-24","disco diamantado, diamante, 105 mm,  0 mm, segmentado, mármore   ","UN",10,0,0,10,0,0,8,0,0,28,15,12.68,9.99,420,null,150,0,0,150,0,0,120,0,0]
[null,62,"BR0301441","30.90.30-24","Engate hidráulico, aço inoxidável, 1/ 2 pol, 40 cm, instalações prediais água fria, com anel de vedação nas e xtremidades, rosca bsp ma","UN",10,0,20,0,0,5,10,10,0,55,17.91,27.33,15.44,985.05,null,179.1,0,358.2,0,0,89.55,179.1,179.1,0]
[null,63,"BR00331527\n","30.90.30-24","Fita antiderrapante, filme de poliéster com mineral abrasivo, largura 50mm, cor da fita preta, par utilização em escada, rampa, corredor, 20 m, adesivo de borracha e linear, à prova d'água/resina adesiva\nCaixa com um rolo de 5 metros\nMarca: equivalente ou superior à Safety-Walk 3M.   ","Caixa com um rolo de 5 metros",10,20,5,6,10,10,10,50,0,121,39,77.099999999999994,28.35,4719,null,390,780,195,234,390,390,390,1950,0]
[null,64,"BR00319589\n","30.90.30-24","Fita veda rosca 18mm X 50 M\nEmbalagem Caixa de papelão\nMarca: equivalente ou superior à Tigre.","UN",15,30,50,4,6,10,15,50,0,180,13.9,15,5.99,2502,null,208.5,417,695,55.6,83.4,139,208.5,695,0]
[null,65,"BR0214147","30.90.30-24","Mangueira jardim, material PVC-traçado em náilon, diâmetro 1/2, espessura 2, pressão máxima 6 BAR., comprimento 100, cor azul / laranja / transparente","Unidade\ncom 100 Metros",100,5,5,0,2,1,2,5,0,120,300,4.18,1.73,36000,null,30000,1500,1500,0,600,300,600,1500,0]
[null,66,"BR0325013","30.90.30-24","Massa calafetar, resina sintética, 1, 70 g/cm3, água, vedação - EMBALAGEM 350,00 G                          ","Embalagem 350,00 G",25,0,0,0,5,5,8,10,0,53,14,14,9.89,742,null,350,0,0,0,70,70,112,140,0]
[null,67,"BR0287999","30.90.30-24","Porta-papel higiênico, plástico abs,   20 cm, 27 cm, para rolo de 300 a 400 m  ","UN",100,20,30,0,6,2,8,30,0,196,34,28.8,28.79,6664,null,3400,680,1020,0,204,68,272,1020,0]
[null,68,"BR0330354","30.90.30-24","Porta-toalha, plástico, cinza/branco, em parede com buchas expansíveis, banheiro, para papel com 2 ou 3 dobras, 27,5 cm, 36,5 cm, 12 cm ","UN",100,20,30,0,3,2,6,20,0,181,36.82,46.9,46.65,6664.42,null,3682,736.4,1104.5999999999999,0,110.46000000000001,73.64,220.92000000000002,736.4,0]
[null,69,"BR0350799\n","33.90.30-21","Refil para filtro em carvão, para purificador de água marca/modelo IBBL FR 600","unid.",null,0,15,0,0,6,10,0,0,31,120,null,null,3720,null,0,0,1800,0,0,720,1200,0,0]
[null,70,"BR0340311","30.90.30-24","Refil, material carvão ativado, aplicação filtro SOFT BY EVEREST","UN",30,0,0,0,0,0,2,0,0,32,120,115,86.25,3840,null,3600,0,0,0,0,0,240,0,0]
[null,71,"BR0053481","30.90.30-24","Régua de alumino com 2 metors, para pedreiro","UN",2,0,5,0,2,2,2,0,0,13,43,49.9,48.08,559,null,86,0,215,0,86,86,86,0,0]
[null,72,"BR0030651","30.90.30-24","Removedor de tinta, galão de 5 (cinco) litros","GL",10,0,5,0,5,1,2,1,0,24,106.95,24,null,2566.8000000000002,null,1069.5,0,534.75,0,534.75,106.95,213.9,106.95,0]
[null,73,"BR0301252","30.90.30-24","Reparo válvula hidráulica, metal cromado, encaixe, 1 1/4 pol, válvula descarga docol ri 484 ap, kit composto   anel roscável e vedação/trava metal, descarga, 00022800","UN",15,0,0,0,0,1,5,0,0,21,61.64,82,29,1294.44,null,924.6,0,0,0,0,61.64,308.2,0,0]
[null,74,"BR0283959 ","30.90.30-24","Reparo válvula hidráulica, plástico, válvula descarga hydra-deca, acionador, 2520  ","UN",15,0,0,0,0,1,5,20,0,41,66.900000000000006,41.24,38.799999999999997,2742.9,null,1003.5000000000001,0,0,0,0,66.900000000000006,334.5,1338,0]
[null,75,"BR0330355","30.90.30-24","Saboneteira, plástico abs, policarbonato transparente alta resistência, 22 cm, 13 cm, 900 ml, antifurto atra vés buchas expansivas, banheiro, sabonete líquido/válvula dosadora 0,75  ml por acio, branca, 9,50 cm  ","UN",30,20,30,0,3,0,3,30,0,116,74.5,29.3,29.3,8642,null,2235,1490,2235,0,223.5,0,223.5,2235,0]
[null,76,"BR0367204","33.90.30-17","Spray para limpeza de contatos elétricos e eletrônicos (dielétrico) de secagem imediata; densidade: 0,660 – 0,670 com a função de remover os resíduos que prejudicam a condutividade nos contatos elétricos e eletrônicos, poeira e umidade e recuperar a condutividade nos contatos instantaneamente.","unid.",5,0,0,2,6,4,5,5,0,27,56.67,null,null,1530.0900000000001,null,283.35000000000002,0,0,113.34,340.02,226.68,283.35000000000002,283.35000000000002,0]
[null,77,"BR0253944 ","30.90.30-24","Torneira, aço inoxidável cromado, pi , 1/2 pol, bica móvel para bancada giratória,tipo pescoço de, bancada","UN",10,0,15,0,10,1,5,5,0,46,57.9,226.38,25.85,2663.4,null,579,0,868.5,0,579,57.9,289.5,289.5,0]
[null,78,"BR0303691","30.90.30-24","torneira, aço inoxidável, alavanca, 1/2 pol, cafeteira elétrica universal  ","UN",12,0,0,0,0,1,5,5,0,23,70,70,69.900000000000006,1610,null,840,0,0,0,0,70,350,350,0]
[null,79,"BR0239640 ","30.90.30-24","Torneira, material corpo metal, tipo lavatório, diâmetro 1/2 polegada, acabamento superficial cromado, características adicionais com temporizador                ","UN",30,0,15,0,0,1,6,50,0,102,293,395,52.66,29886,null,8790,0,4395,0,0,293,1758,14650,0]
[null,80,"BR0075469","30.90.30-24","Tubo PVC soldável, aplicação rede hidráulica e esgoto, cor branca, diâmetro nominal 100 mm, comprimento 6 mt, tipo leve, material pvc rígido \nClasse \" A \"\nMarca:  equivalente ou superior à Tigre.","UN",10,0,0,0,10,2,6,10,0,38,65,53.5,null,2470,null,650,0,0,0,650,130,390,650,0]
[null,81,"BR0075469","30.90.30-24","Tubo PVC soldável, hidráulica, marrom, 20 mm (1/2\"), 6 m, 32 mm, 1,50 mm, 7,50 kgf/cm2 a 20°c\nClasse \" A \"\nMarca:  equivalente ou superior à Tigre.","UN",10,0,0,0,20,2,10,10,0,52,25,15.99,null,1300,null,250,0,0,0,500,50,250,250,0]
[null,82,"BR0075469","30.90.30-24","Tubo PVC soldável, hidráulica, marrom, 25 mm (3/4\"), 6 m, 32 mm, 1,70 mm, 7,50 kgf/cm2 a 20°c\nClasse \" A \"\nMarca: equivalente ou superior à Tigre.","UN",10,0,0,0,20,2,10,10,0,52,27.6,16.7,null,1435.2,null,276,0,0,0,552,55.2,276,276,0]
[null,83,"BR0075469","30.90.30-24","Tubo PVC soldável, hidráulica, marrom, 40 mm, 6 m, 40 mm, 2,40 mm, 7,50 kgf/cm2 a 20°c\nClasse \" A \"\nMarca: equivalente ou superior à Tigre.","UN",10,0,0,0,10,2,10,10,0,42,63.25,65.900000000000006,null,2656.5,null,632.5,0,0,0,632.5,126.5,632.5,632.5,0]
[null,84,"BR0075469","30.90.30-24","Tubo PVC soldável, hidráulica, marrom, 50 mm, 6 m, 50 mm, 3 mm, 7,50 kgf/cm2 a 20°c\nClasse \" A \"\nMarca: equivalente ou superior à Tigre.","UN",10,0,0,0,10,2,10,10,0,42,77.31,69.900000000000006,null,3247.02,null,773.1,0,0,0,773.1,154.62,773.1,773.1,0]
[]
[null,"Total Geral",{"$nulls":17},{"$f":"SUM(T14:T51)","v":160480.62},null,{"$f":"SUM(V4:V51)","v":64706.149999999994},7185.7999999999993,24616.050000000003,1792.9399999999998,9070.43,5565.1799999999994,12272.37,35271.699999999997,0]
[{"$nulls":21},{"$f":"SUM(V14:V51)","v":64706.149999999994},{"$f":"SUM(W14:W51)","v":7185.7999999999993}]

{"sheet":"Planilha III - Macenaria-Ferram","index":2,"n_rows":53,"n_cols":30,"rows_kept":53,"cut":false,"hidden":false,"merged":[[50,1,50,18],[8,1,8,19],[9,1,9,19],[3,3,3,19],[4,3,4,19],[5,3,5,19],[6,3,6,19],[10,1,10,19]]}
[]
[]
[]
[null,null,null,"MINISTÉRIO DA INTEGRAÇÃO NACIONAL - MI"]
[null,null,null,"COMPANIHA DE DESENVOLVIMENTO DOS VALES DO SÃO FRANCISCO E DO PARNAÍBA - CODEVASF"]
[null,null,null,"ÁREA DE GESTÃO ADMINISTRATIVA E DE SUPORTE LOGÍSTICO"]
[null,null,null,"Gerência de Patrimônio, Materiais e Serviços Auxiliares"]
[]
[null,"Planilha III"]
[null,"Material de Manutenção de Marcenaria / Ferramentas"]
[]
[null,"Unidade: CODEVASF"]
[null,"Item","Código CATMAT","Natureza Despesa","Descrição Sucinta","Unid.","SEDE\nConsumo  Anual Estimado","1ª SR\nConsumo  Anual\nEstimado","2ª SR\nConsumo  Anual\nEstimado","3ª SR\nConsumo  Anual\nEstimado","4ª SR\nConsumo  Anual\nEstimado","5ª SR\nConsumo  Anual\nEstimado","6ª SR\nConsumo  Anual\nEstimado","7ª SR\nConsumo  Anual\nEstimado","8ª SR\nConsumo  Anual\nEstimado","Consumo  Anual \nGeral","Preço unitário máximo\n2017","Preço unitário máximo\n2015","Preço unitário REGISTRADO 2016","Valor Global",null,"SEDE\nConsumo  Anual Estimado","1ª SR\nConsumo  Anual\nEstimado","2ª SR\nConsumo  Anual\nEstimado","3ª SR\nConsumo  Anual\nEstimado","4ª SR\nConsumo  Anual\nEstimado","5ª SR\nConsumo  Anual\nEstimado","6ª SR\nConsumo  Anual\nEstimado","7ª SR\nConsumo  Anual\nEstimado","8ª SR\nConsumo  Anual\nEstimado"]
[null,{"$f":"'Planilha II - Hidráulico'!$B$50+1","v":85},"BR0251453 ","30.90.30-26","Alicate universal, forjado em aço cromo vanádio, profissional, cabo isolado, corte temperado por indução, 200 mm,  corte arames duros e corda de piano\nMarca: equivalente ou superior à Gedore.                                ","UN",8,5,5,2,5,2,2,0,0,{"$f":"SUM(G14:O14)","v":29},31.8,31.8,25,{"$f":"P14*Q14","v":922.2},null,{"$f":"Q14*G14","v":254.4},{"$f":"H14*Q14","v":159},{"$f":"I14*Q14","v":159},{"$f":"J14*Q14","v":63.6},{"$f":"K14*Q14","v":159},{"$f":"L14*Q14","v":63.6},{"$f":"M14*Q14","v":63.6},{"$f":"N14*Q14","v":0},{"$f":"O14*Q14","v":0}]
[null,{"$f":"B14+1","v":86},"BR0311040","30.90.30-26","Arco serra, lâmina serra standard 12 polegadas, material cabo polipropileno, tratamento superficial niquelado, tamanho 12 polegadas, tipo regulável, características adicionais com cabo fechado e profundidade de corte de 90 mm.\nMarca:  equivalente ou superior à Starrett.","UN",10,5,5,1,2,2,3,0,0,{"$f":"SUM(G15:O15)","v":28},31.8,26.15,14.45,{"$f":"P15*Q15","v":890.4},null,{"$f":"Q15*G15","v":318},{"$f":"H15*Q15","v":159},{"$f":"I15*Q15","v":159},{"$f":"J15*Q15","v":31.8},{"$f":"K15*Q15","v":63.6},{"$f":"L15*Q15","v":63.6},{"$f":"M15*Q15","v":95.4},{"$f":"N15*Q15","v":0},{"$f":"O15*Q15","v":0}]
[null,{"$f":"B15+1","v":87},"BR0277412","30.90.30-26","Broca wídia, material corpo aço, material ponta wídia, tamanho longa, diâmetro 10 mm","UN",10,10,5,1,5,3,5,0,0,39,6.67,4.5199999999999996,null,260.13,null,66.7,66.7,33.35,6.67,33.35,20.009999999999998,33.35,0,0]
[null,88,"BR0266375","30.90.30-26","Broca wídia, material corpo aço, material ponta wídia, tamanho média, diâmetro 6 mm","UN",10,10,5,1,5,3,5,0,0,39,4.99,5.21,1.5,194.61,null,49.900000000000006,49.900000000000006,24.950000000000003,4.99,24.950000000000003,14.97,24.950000000000003,0,0]
[null,89,"BR0266376","30.90.30-26","Broca wídia, material corpo aço, material ponta wídia, tamanho média, diâmetro 8 mm ","UN",10,10,5,1,5,3,5,0,0,39,3.26,3.21,3.18,127.13999999999999,null,32.599999999999994,32.599999999999994,16.299999999999997,3.26,16.299999999999997,9.7799999999999994,16.299999999999997,0,0]
[null,90,"BR0277410","30.90.30-26","Broca wídia, para concreto, material corpo aço, material ponta wídia, tamanho curta, diâmetro 4 mm                                         ","UN",10,10,5,1,5,3,5,0,0,39,3.71,3.1,2.62,144.69,null,37.1,37.1,18.55,3.71,18.55,11.129999999999999,18.55,0,0]
[null,91,"BR0227316",null,"Broca, aço rápido, 9/64 pol, médio, cilíndrica","UN",30,10,5,5,5,3,5,0,0,63,3.82,4.8,1.45,240.66,null,114.6,38.199999999999996,19.099999999999998,19.099999999999998,19.099999999999998,11.459999999999999,19.099999999999998,0,0]
[null,92,"BR0284259","30.90.30-26","Broca, material aço rápido, Comprimento total: 160mm, Comprimento útil: 100mm, aplicação martelete/concreto, componentes 7 brocas com diâmetro de 0,6mm; 0,8mm; 10mm; 12mm;, características adicionais tipo encaixe SDS\nUtilização em martelete Bosch GBH 2-24D","Jogo com 7 unid.",3,0,5,1,1,2,1,0,0,13,129.25,52,null,1680.25,null,387.75,0,646.25,129.25,129.25,258.5,129.25,0,0]
[null,93,"BR0243298","30.90.30-26","Broca, material aço rápido, diâmetro S/4 mm, tamanho médio, tipo haste cilíndrica ","UN",20,10,5,2,5,3,5,0,0,50,5.2,3.64,1.58,260,null,104,52,26,10.4,26,15.600000000000001,26,0,0]
[null,94,"BR0242968","30.90.30-26","Broca, material aço rápido, diâmetro S/6 mm, tamanho médio, tipo haste cilíndrica","UN",20,10,5,2,5,3,5,0,0,50,5,6.5,2.39,250,null,100,50,25,10,25,15,25,0,0]
[null,95,"BR0359439","30.90.30-26","Bucha de nylon tamanho S/10","UN",4000,50,100,100,50,100,100,0,0,4500,0.99,0.6,0.04,4455,null,3960,49.5,99,99,49.5,99,99,0,0]
[null,96,"BR0318019","30.90.30-26","Bucha de nylon tamanho S/4","UN",4000,50,100,0,50,100,100,0,0,4400,0.2,0.2,0.09,880,null,800,10,20,0,10,20,20,0,0]
[null,97,"BR0249217","30.90.30-26","Bucha de nylon tamanho S/6","UN",4000,50,100,100,50,100,100,0,0,4500,0.18,0.8,0.02,810,null,720,9,18,18,9,18,18,0,0]
[null,98,"BR0249218","30.90.30-26","Bucha de nylon tamanho S/8","UN",4000,50,100,200,50,100,100,0,0,4600,0.21,0.5,0.02,966,null,840,10.5,21,42,10.5,21,21,0,0]
[null,99,"BR0010090","33.90.30-28","Cadeado de 30mm, corpo de latão maciço","unid.",0,5,50,6,2,10,5,0,0,78,17.63,null,null,1375.1399999999999,null,0,88.149999999999991,881.5,105.78,35.26,176.29999999999998,88.149999999999991,0,0]
[null,100,"BR0290095\n","33.90.30-28","Cadeado de 40mm, corpo de latão maciço","unid.",0,0,50,0,2,10,5,0,0,67,22.67,null,null,1518.89,null,0,0,1133.5,0,45.34,226.70000000000002,113.35000000000001,0,0]
[null,101,"BR0290095\n","33.90.30-28","Cadeado de 45mm, corpo de latão maciço","unid.",0,0,50,0,2,10,5,0,0,67,23.33,null,null,1563.11,null,0,0,1166.5,0,46.66,233.29999999999998,116.64999999999999,0,0]
[null,102,"BR0290095\n","33.90.30-28","Cadeado de 50mm, corpo de latão maciço","unid.",0,5,50,0,2,10,5,0,0,72,27.67,null,null,1992.2400000000002,null,0,138.35000000000002,1383.5,0,55.34,276.70000000000005,138.35000000000002,0,0]
[null,103,"BR0313078","30.90.30-26","Cola, composição polivinil acetato- pva, cor branca, aplicação papel e madeira, características adicionais atóxica, tipo líquido                                                   ","Litro",5,5,0,0,10,10,5,0,0,{"$f":"SUM(G32:O32)","v":35},16.329999999999998,13.8,13.8,571.54999999999995,null,81.649999999999991,81.649999999999991,0,0,163.29999999999998,163.29999999999998,81.649999999999991,0,0]
[null,104,"BR0264064","30.90.30-26","Jogo chave  tipo halem, aço cromo vanádio, hexagonal, 9, manutenção equipamento mecânico, chaves medidas 1,5; 2; 2,5; 3; 4; 5; 6; 7 e 8mm, modelo \"L\", curto, fosfatiza","UN",5,3,5,1,2,1,3,0,0,20,40.81,40.81,33.99,816.2,null,204.05,122.43,204.05,40.81,81.62,40.81,122.43,0,0]
[null,105,"BR0389282","30.90.30-26","Jogo chaves fenda, aço cromo vanádio, chata e philips.\nPhilips 1/64, 1/32, 5/64;  Fendas 3/32,5/32,27/12/ pololegadas\nCabo em plástico resistente, com ponta imantada","UN",5,3,5,1,2,1,2,0,0,19,96,135,134.9,1824,null,480,288,480,96,192,96,192,0,0]
[null,106,"BR0032760","33.90.30-24","Jogo de chave, de fenda, em aço cromo vanádio, bitolas 3x60, 4,5x80, 4,5x100, 6x150, 10x150 e 10x200","unid.",5,1,0,1,2,1,2,0,0,12,75,null,null,900,null,375,75,0,75,150,75,150,0,0]
[null,107,"BR0066397","33.90.30-24","Jogo de chave, tipo allen, hexagonal, 11 peças, 1,5 a 10 mm'","unid.",5,1,0,1,2,1,2,0,0,12,116.33,null,null,1395.96,null,581.65,116.33,0,116.33,232.66,116.33,232.66,0,0]
[null,108,"BR0245015\n","33.90.30-24","Jogo de chave, tipo ponta phillips, em aço cromo vanádio, bitolas 3x60, 4,5x80, 4,5x100, 6x150, 10x150 e 10x200","unid.",5,1,0,1,2,1,2,0,0,12,44,null,null,528,null,220,44,0,44,88,44,88,0,0]
[null,109,"BR0302379","30.90.30-26","Lâmina serra manual, aço rápido, 32 dentes por polegada, 1/2\" pol, 300 mm    \nMarca: equivalente ou superior à Starret.                               ","UN",10,20,15,5,5,4,5,0,0,64,5,5.55,4.88,320,null,50,100,75,25,25,20,25,0,0]
[null,110,"BR0010146","30.90.30-26","Mola para porta (tipo coimbra)","UN",12,10,20,20,3,20,4,0,0,89,182,1000,95.77,16198,null,2184,1820,3640,3640,546,3640,728,0,0]
[null,111,"BR0067601",null,"Multímetro Digital com visor de LEDs com retro iluminação branca para trabalhar em áreas com pouca luminosidade, Todas as entradas devem estar protegidas de acordo com a CE, IEN61010-1, CAT III 600 V. Listados na UL, CSA, TÜV e VDE; Tensão máxima entre qualquer terminal e a terra de 600 V, Proteção contra picos de 6 kV, de acordo com IEC 61010-1 600 V CAT III, grau de poluição 2; Milivolts DC: Gama: 600,0 mV, Resolução:0,1 mV, Precisão: ± ([% da leitura] + [contagens]): 2,0% + 3; Volts DC Gama/Resolução: 6,000 V / 0,001 V,Gama/Resolução: 60,00 V / 0,01 V,Gama/Resolução: 600,00 V / 0,1 V,Precisão: ± ([% da leitura] + [contagens]): 0,5% + 2; Milivolts AC1 True RMS: Gama 600,0 mV,Resolução: 0,1 mV, Precisão: 1,0% + 3 (DC, 45 Hz a 500 Hz) 2,0% + 3 (500 Hz a 1 kHz);Volts AC1 True RMS: Gama/Resolução: 6,000 V / 0,001 V, Gama/Resolução: 60,00 V / 0,01 V,Gama/Resolução: 600,0 V / 0,1 V, Precisão:1,0% + 3 (DC, 45 Hz a 500 Hz) 2,0% + 3 (500 Hz a 1 kHz);Continuidade Gama: 600 Ω,Resolução: 1 Ω Precisão: Sinal sonoro ligado a <20 Ω, desligado a >250 Ω; detecta circuitos abertos ou curto-circuitos de 500 μs ou superiores; Ohms: Gama/Resolução:600,0 Ω / 0,1 Ω, Gama/Resolução: 6,000 kΩ / 0,001 kΩ, Gama/Resolução: 60,00 kΩ / 0,01 kΩ, Gama/Resolução:600,0 kΩ / 0,1 kΩ,Gama/Resolução: 6,000 MΩ / 0,001 MΩ,Precisão:0,9% + 1, Gama/Resolução: 40,00 MΩ / 0,01 MΩ, Precisão: 1,5% + 2; Ensaio de díodo: Gama/Resolução: 2,00 V / 0,001 V, Precisão: 0,9% + 2 Capacidade Gama/Resolução: 1000 nF / 1 nF, Gama/Resolução:10,00 μF / 0,01 μF, Gama/Resolução: 100,0 μF / 0,1 μF, Gama/Resolução: 9999 μF / 1 μF, Gama/Resolução: 100 μF a 1000 μF, Precisão: 1,9% + 2, Gama/Resolução: >1000 μF, Precisão:","unid.",2,1,0,0,0,1,1,0,0,5,503.33,null,null,2516.65,null,1006.66,503.33,0,0,0,503.33,503.33,0,0]
[null,112,"BR0275057","30.90.30-26","Parafuso, aço galvanizado, cabeça sextavada, 50 mm, 5/16 pol, rosca soberba                                 ","UN",4000,100,100,0,50,100,100,0,0,4450,0.5,0.53,0.3,2225,null,2000,50,50,0,25,50,50,0,0]
[null,113,"BR0250703",null,"Prego com cabeça, aço temperado, liso, liso, diamante, niquelado, 10 X 10","KG",2,10,5,0,5,2,3,0,0,27,13.45,null,null,363.15,null,26.9,134.5,67.25,0,67.25,26.9,40.349999999999994,0,0]
[null,114,"BR0317913","30.90.30-26","Prego com cabeça, aço, chata, liso, c omum, 13 x 18       ","KG",5,10,5,0,5,2,3,0,0,30,9,8.7899999999999991,8.4,270,null,45,90,45,0,45,18,27,0,0]
[null,115,"BR0330577","30.90.30-26","Prego com cabeça, ferro comum, chata,  liso, polido, 17 x 21","KG",5,10,5,0,5,2,3,0,0,30,8.65,8.32,7.47,259.5,null,43.25,86.5,43.25,0,43.25,17.3,25.950000000000003,0,0]
[null,116,"BR0330576","30.90.30-26","Prego com cabeça, ferro comum, chata, liso, polido, 15 x 15 ","KG",5,10,5,0,5,2,3,0,0,30,8.9,7.5,7.5,267,null,44.5,89,44.5,0,44.5,17.8,26.700000000000003,0,0]
[null,117,"BR018384","33.90-30-17","Solda para eletrônica (solda de estanho e chumbo) 60/40 com ponto de fusão de 183 °C, rolo com 500 g","unid.",0,0,0,1,1,5,2,0,0,9,82.33,null,null,740.97,null,0,0,0,82.33,82.33,411.65,164.66,0,0]
[null,118,"BR0008907","30.90.30-26","Trena de aço, 3/4'' de largura, 10m, graduação em milímetro e polegada, com trava de fixação, presilha para cinto e estojo em ABS                                                   ","UN",10,4,5,2,2,2,5,0,0,30,49.53,65.48,27.21,1485.9,null,495.3,198.12,247.65,99.06,99.06,99.06,247.65,0,0]
[null,119,"BR0234033","30.90.30-26","Trena em fibra de vidro, estojo anatômico, com manivela dobrável, 50 (cinquenta) metros","UN",2,2,0,1,1,2,5,0,0,13,108,154.6,78.900000000000006,1404,null,216,216,0,108,108,216,540,0,0]
[null,120,"BR0226313","30.90.30-26","Verniz, acabamento brilhante, cor transparente, método aplicação pincel e pistola, aplicação interior e exterior, características adicionais secagem rápida   (GALÃO 3,60 L)                  ","GALÃO 3,60 L",4,10,5,0,3,2,4,0,0,28,100,54,54,2800,null,400,1000,500,0,300,200,400,0,0]
[]
[null,"Total Geral",{"$nulls":17},{"$f":"SUM(T14:T50)","v":53416.340000000004},null,{"$f":"SUM(V3:V50)","v":16239.009999999998},5964.86,11247.199999999999,4874.09,3069.6699999999996,7310.13,4711.3799999999992,0,0]
[]
[{"$nulls":29},{"$f":"SUM(V51:AD51)","v":53416.34}]

{"sheet":"Planilha IV - Novos Materiais","index":3,"n_rows":52,"n_cols":30,"rows_kept":52,"cut":false,"hidden":false,"merged":[[10,1,10,19],[50,1,50,18],[3,3,3,19],[4,3,4,19],[5,3,5,19],[6,3,6,19],[8,1,8,19],[9,1,9,19]]}
[]
[]
[]
[null,null,null,"MINISTÉRIO DA INTEGRAÇÃO NACIONAL - MI"]
[null,null,null,"COMPANIHA DE DESENVOLVIMENTO DOS VALES DO SÃO FRANCISCO E DO PARNAÍBA - CODEVASF"]
[null,null,null,"ÁREA DE GESTÃO ADMINISTRATIVA E DE SUPORTE LOGÍSTICO"]
[null,null,null,"Gerência de Patrimônio, Materiais e Serviços Auxiliares"]
[]
[null,"Planilha IV"]
[null,"Novos Material de Manutenção de Elétrica / Marcenaria / Ferramentas"]
[]
[null,"Unidade: CODEVASF"]
[null,"Item","Código CATMAT","Natureza Despesa","Descrição Sucinta","Unid.","SEDE\nConsumo  Anual Estimado","1ª SR\nConsumo  Anual\nEstimado","2ª SR\nConsumo  Anual\nEstimado","3ª SR\nConsumo  Anual\nEstimado","4ª SR\nConsumo  Anual\nEstimado","5ª SR\nConsumo  Anual\nEstimado","6ª SR\nConsumo  Anual\nEstimado","7ª SR\nConsumo  Anual\nEstimado","8ª SR\nConsumo  Anual\nEstimado","Consumo  Anual \nGeral","Preço unitário máximo\n2017","Preço unitário máximo\n2015","Preço unitário REGISTRADO 2016","Valor Global",null,"SEDE\nConsumo  Anual Estimado","1ª SR\nConsumo  Anual\nEstimado","2ª SR\nConsumo  Anual\nEstimado","3ª SR\nConsumo  Anual\nEstimado","4ª SR\nConsumo  Anual\nEstimado","5ª SR\nConsumo  Anual\nEstimado","6ª SR\nConsumo  Anual\nEstimado","7ª SR\nConsumo  Anual\nEstimado","8ª SR\nConsumo  Anual\nEstimado"]
[null,121,"BR0421088","30.90.30-26","Filtro linha, 110/220 v, 6 tomadas padrão nbr14136, seleção automática de voltagem, proteção contra surtos rede energia e telefonia, 60 hz, novo padrão nbr 14136:2002, pintura eletrostática a pó, display contator surto elétrico; fusível térmico.  ","Unid.",50,0,0,0,0,0,0,100,0,{"$f":"SUM(G14:O14)","v":150},68.900000000000006,null,null,{"$f":"P14*Q14","v":10335},null,{"$f":"Q14*G14","v":3445.0000000000005},{"$f":"H14*Q14","v":0},{"$f":"I14*Q14","v":0},{"$f":"J14*Q14","v":0},{"$f":"K14*Q14","v":0},{"$f":"L14*Q14","v":0},{"$f":"M14*Q14","v":0},{"$f":"N14*Q14","v":6890.0000000000009},{"$f":"O14*Q14","v":0}]
[null,122,"BR0399271 ","30.90.30-26","Luz emergência, fixa à parede, 30 lâmpadas de led de 3W, bivolt, recarregável, autonomia mínima de 12 horas, luz branca.\nMarca:equivalente ou superior àIntelbrás","Unid.",40,0,0,0,0,0,0,40,0,80,33.72,null,null,{"$f":"P15*Q15","v":2697.6},null,{"$f":"Q15*G15","v":1348.8},{"$f":"H15*Q15","v":0},{"$f":"I15*Q15","v":0},{"$f":"J15*Q15","v":0},{"$f":"K15*Q15","v":0},{"$f":"L15*Q15","v":0},{"$f":"M15*Q15","v":0},{"$f":"N15*Q15","v":1348.8},{"$f":"O15*Q15","v":0}]
[null,123,"BR00439278","30.90.30-26","Lâmpada led, bivolt v, 50 w, e-27, 4500 lm, super led (alta potência), luz branca, vida útil mínima de 25000 horas.                                      ","Unid.",50,0,0,0,0,0,0,200,0,250,74.989999999999995,null,null,18747.5,null,3749.4999999999995,0,0,0,0,0,0,14997.999999999998,0]
[null,124,"BR0041599","30.90.30-26","Quadro de distribuição em chapa de aço carbono pintada eletrostaticamente na cor branca ou marrom para no mínimo 40 módulos.","Unid.",0,0,0,0,0,0,0,2,0,2,183.99,null,null,367.98,null,0,0,0,0,0,0,0,367.98,0]
[null,125,"BR0150260","30.90.30-26","Luminária tipo arandela (vulgarmente denominada tartaruga), a prova de tempo, confeccionada em aço e Vidro.","Unid.",0,0,0,0,0,0,0,10,0,10,28.18,null,null,281.8,null,0,0,0,0,0,0,0,281.8,0]
[null,126,"BR0377672","30.90.30-26","Canaleta 32mm x 12,5 mm para uso em Sistema X. \nCom 2 Metros de comprimento\nMarca:equivalente ou superior à Pial Legrand.","Unid.",100,0,0,0,0,0,0,60,0,160,20,null,null,3200,null,2000,0,0,0,0,0,0,1200,0]
[null,127,"BR0377672","30.90.30-26","Canaleta 20mm x 10 mm para uso em Sistema X.\nCom 2 Metros de comprimento\nMarca:equivalente ou superior à Pial Legrand.","Unid.",250,0,0,0,150,0,0,60,0,460,13,null,null,5980,null,3250,0,0,0,1950,0,0,780,0]
[null,128,"BR0377672","30.90.30-26","Canaleta 50mm x 20 mm para uso em Sistema X.\nCom 2 Metros de comprimento\nMarca:equivalente ou superior à Pial Legrand.","Unid.",0,0,0,0,0,0,0,60,0,60,46.9,null,null,2814,null,0,0,0,0,0,0,0,2814,0]
[null,129,"BR0377672","30.90.30-26","Canaleta 110mm x 20 mm para uso em Sistema X.\nCom 2 Metros de comprimento\nMarca:equivalente ou superior à Pial Legrand.","Unid.",0,0,0,0,0,0,0,60,0,{"$f":"SUM(G22:O22)","v":60},79.900000000000006,null,null,4794,null,0,0,0,0,0,0,0,4794,0]
[null,130,"BR0231486\n","30.90.30-26","Cotovelo de 90º 20mm x 10mm para uso em Sistema X. \nMarca:  equivalente ou superior à Pial Legrand.","Unid.",0,0,0,0,30,0,0,60,0,90,2.35,null,null,211.5,null,0,0,0,0,70.5,0,0,141,0]
[null,131,"BR0231499","30.90.30-26","Cotovelo interno 20mm x 10mm para uso em Sistema X.\nMarca:equivalente ou superior à Pial Legrand.","Unid.",200,0,0,0,15,0,0,60,0,275,2.35,null,null,646.25,null,470,0,0,0,35.25,0,0,141,0]
[null,132,"BR0411269","30.90.30-26","Acoplador 20mm x 10mm para uso em Sistema X.\nMarca:equivalente ou superior à Pial Legrand.","Unid.",200,0,0,0,0,0,0,60,0,260,5.39,null,null,1401.3999999999999,null,1078,0,0,0,0,0,0,323.39999999999998,0]
[null,133,"BR0344875","30.90.30-26","Luva 20mm x 10mm para uso em Sistema X.\nMarca:equivalente ou superior à Pial Legrand.","Unid.",200,0,0,0,30,0,0,60,0,290,2.69,null,null,780.1,null,538,0,0,0,80.7,0,0,161.4,0]
[null,134,"BR0231487","30.90.30-26","Derivação em T 20mm x 10mm para uso em Sistema X.\nMarca:equivalente ou superior à Pial Legrand.","Unid.",200,0,0,0,20,0,0,60,0,280,13.28,null,null,3718.3999999999996,null,2656,0,0,0,265.59999999999997,0,0,796.8,0]
[null,135,"BR0424421","30.90.30-26","Protetor contra surto de tensão, 175   vca, 25 ka, anti-chama, abnt 5410 e 5419, 40 até 80 °c, plástico injetado em nylon                                                            ","Unid.",0,0,0,0,0,0,0,150,0,150,69.900000000000006,null,null,10485,null,0,0,0,0,0,0,0,10485,0]
[null,136,"BR0426191","30.90.30-26","Protetor contra surto de tensão, 275 v, 15 ka, ip20                                                         ","Unid.",0,0,0,0,0,0,0,20,0,20,33.32,null,null,666.4,null,0,0,0,0,0,0,0,666.4,0]
[null,137," BR0434161","30.90.30-26","Refletor, alumínio blindado, led cob (chip on board), 100 w, bivolt v, IP65 (tabela ingress protection), 12 °, 6000/4000 k               ","Unid.",0,0,0,0,0,0,0,10,0,10,182.49,null,null,1824.9,null,0,0,0,0,0,0,0,1824.9,0]
[null,138,"BR0064831","30.90.30-26","Reator eletrônico, para lâmpada fluorescente HO (HIGH OUTPUT), 1  X 110 W,  110/220 V,  em conformidade com as normas (NBR nº 14417 e 14418)","Unid.",180,0,0,0,0,0,0,0,0,{"$f":"SUM(G31:O31)","v":180},63.8,null,null,{"$f":"P31*Q31","v":11484},null,11484,0,0,0,0,0,0,0,0]
[null,139,"BR0064831","30.90.30-26","Reator lâmpada, 1 un, 40 w, 110/220 volt, lâmpadas fluorescente, partida rápida   ","Unid.",100,0,0,0,0,0,0,0,0,{"$f":"SUM(G32:O32)","v":100},63.8,null,null,6380,null,6380,0,0,0,0,0,0,0,0]
[null,140,"BR0434160","30.90.30-26","Refletor, Alumínio blindado, LED COB (CHIP ON BOARD), 50 W, bivolt, IP65 (Tabela ingress protection), 120°, 6000/4000 K","Unid.",50,0,0,0,0,0,0,0,0,{"$f":"SUM(G33:O33)","v":50},131,null,null,6550,null,6550,0,0,0,0,0,0,0,0]
[null,141,"BR0231471",null,"Argamassa, cimento, calcário e aditivos, cinza, rejunte de placas cerâmicas em pisos e paredes \nSaco com 20 kg\nMarca:  equivalente ou superior à Quartzolit","Saco com 20 KG",10,0,0,0,0,0,0,0,0,{"$f":"SUM(G34:O34)","v":10},53,null,null,530,null,530,0,0,0,0,0,0,0,0]
[null,142,"BR0409523","30.90.30-26","Cabo elétrico flexível, 750 v, pp, mole, 3 x 4 mm2, cobre, pvc anti-chama, pvc,  de conformidade INMETRO, norma aplicável NBR 13249\nBobina com 500 metros\nMarca:  equivalente ou superior à Pirelli.","Metros",1000,0,0,0,0,0,0,0,0,{"$f":"SUM(G35:O35)","v":1000},10.16,null,null,10160,null,10160,0,0,0,0,0,0,0,0]
[null,143,"BR0429945",null,"Válvula de mictório sensor embutir, inox polido, elétrico 110/220V – 12Vcc, regulador de vazão 6 litros/min","Unid.",10,0,0,0,0,0,0,0,0,10,599.9,null,null,5999,null,5999,0,0,0,0,0,0,0,0]
[null,144,"BR0126772",null,"Alicate amperímetro, material plástico, tipo digital, corrente 0.1 a 1.000A, voltagem 1 a 600V AC/ DC 1 a 1000V, alimentação a bateria 9V, resistência 40, aplicação eletricidade, características adicionais data hold, beep de continuidade e display lcd 3 1/2.","Unid.",1,0,0,0,2,0,0,0,0,3,648.71,null,null,1946.13,null,648.71,0,0,0,1297.42,0,0,0,0]
[null,145,"BR0379354",null,"Detector de tensão de 90 a 1000 V AC, de bolso, tipo \"caneta\" aplicação eletricidade, detecta o campo electrostático estável produzido pela tensão AC através do isola-mento, sem ser necessário contacto com o condutor desprotegido, ponta indica a presença de tensão por ilmuminação e beep, alimentado por 2 pilhas AAA, em conformidade com as normas IEC 61010-1:2001, UL 61010-1 (2.ª ed.), CAN/CSA-C22.2 N.º 61010-1-04, e ISA-82.02.01 Grau de Poluição 2, IEC 61326-1:2006","Unid.",0,0,0,0,3,0,0,0,0,3,119.99,null,null,359.96999999999997,null,0,0,0,0,359.96999999999997,0,0,0,0]
[null,146,"BR0231488\n",null,"Tampa de extremidade sistema X, medindo 20mm X 10mm e fabricado em termoplástico na cor branco","Unid.",100,0,0,0,25,0,0,0,0,125,3,null,null,375,null,300,0,0,0,75,0,0,0,0]
[null,147,"BR0231499",null,"Cotovelo externo sistema X, medindo 20mm x 10mm e fabricado em ter-moplástico na cor branca","Unid.",100,0,0,0,10,0,0,0,0,110,1.74,null,null,191.4,null,174,0,0,0,17.399999999999999,0,0,0,0]
[{"$nulls":6},0,0,0,0,0,0,0,0,0,0,0,null,null,0,null,0,0,0,0,0,0,0,0,0]
[{"$nulls":6},0,0,0,0,0,0,0,0,0,0,0,null,null,0,null,0,0,0,0,0,0,0,0,0]
[{"$nulls":6},0,0,0,0,0,0,0,0,0,{"$f":"SUM(G43:O43)","v":0},0,null,null,0,null,0,0,0,0,0,0,0,0,0]
[{"$nulls":6},0,0,0,0,0,0,0,0,0,0,0,null,null,0,null,0,0,0,0,0,0,0,0,0]
[{"$nulls":6},0,0,0,0,0,0,0,0,0,0,0,null,null,0,null,0,0,0,0,0,0,0,0,0]
[{"$nulls":6},0,0,0,0,0,0,0,0,0,0,0,null,null,0,null,0,0,0,0,0,0,0,0,0]
[{"$nulls":6},0,0,0,0,0,0,0,0,0,0,0,null,null,0,null,0,0,0,0,0,0,0,0,0]
[{"$nulls":6},0,0,0,0,0,0,0,0,0,0,0,null,null,0,null,0,0,0,0,0,0,0,0,0]
[{"$nulls":6},0,0,0,0,0,0,0,0,0,0,0,null,null,0,null,0,0,0,0,0,0,0,0,0]
[]
[null,"Total Geral",{"$nulls":17},{"$f":"SUM(T14:T50)","v":112927.32999999999},null,{"$f":"SUM(V3:V50)","v":60761.01},0,0,0,4151.8399999999992,0,0,48014.48000000001,0]
[{"$nulls":21},{"$f":"SUM(V51:AD51)","v":112927.33000000002}]

{"sheet":"Total Estimado","index":4,"n_rows":68,"n_cols":7,"rows_kept":68,"cut":false,"hidden":false,"merged":[[29,1,29,3],[31,1,34,1],[35,1,35,3],[37,1,40,1],[6,2,6,3],[7,1,10,1],[11,1,11,3],[13,1,16,1],[17,1,17,3],[19,1,22,1],[59,1,59,3],[62,1,62,3],[65,1,65,4],[67,1,67,4],[1,2,1,4],[3,2,3,4],[2,2,2,4],[4,2,4,4],[41,1,41,3],[43,1,46,1],[47,1,47,3],[49,1,52,1],[53,1,53,3],[55,1,58,1],[23,1,23,3],[25,1,28,1]]}
[]
[null,null,"MINISTÉRIO DA INTEGRAÇÃO NACIONAL - MI"]
[null,null," COMPANIHA DE DESENVOL. DOS VALES DO SÃO FRANCISCO E DO PARNAÍBA - CODEVASF"]
[null,null,"ÁREA DE GESTÃO ADMINISTRATIVA E DE SUPORTE LOGÍSTICO"]
[null,null,"Gerência de Patrimônio, Materiais e Serviços Auxiliares"]
[]
[null,"Unidades Responsáveis ","Composição",null,"Valores"]
[null,"AA/GSA/UPM","PLANILHA    I","Material de Manutenção Elétrica",{"$f":"'Planilha I - Eletrico'!$V$62","v":328171.34000000003}]
[null,null,"PLANILHA   II","Material de Manutenção Hidráulica",{"$f":"'Planilha II - Hidráulico'!$V$52","v":64706.149999999994}]
[null,null,"PLANILHA   III","Material de Manutenção de Marcenaria / Ferramentas",{"$f":"'Planilha III - Macenaria-Ferram'!$V$51","v":16239.009999999998}]
[null,null,"PLANILHA   IV","Novos Material de Manutenção de Elétrica / Marcenaria / Ferramentas",{"$f":"'Planilha IV - Novos Materiais'!$V$51","v":60761.01}]
[null,"  Valor Estimado ",null,null,{"$f":"SUM(E8:E11)","v":469877.51},null,{"$f":"E12","v":469877.51}]
[]
[null,"1ª/GRA/USA","PLANILHA    I","Material de Manutenção Elétrica",{"$f":"'Planilha I - Eletrico'!$W$62","v":66970.559999999998}]
[null,null,"PLANILHA   II","Material de Manutenção Hidráulica",{"$f":"'Planilha II - Hidráulico'!$W$52","v":7185.7999999999993}]
[null,null,"PLANILHA   III","Material de Manutenção de Marcenaria / Ferramentas",{"$f":"'Planilha III - Macenaria-Ferram'!$W$51","v":5964.86}]
[null,null,"PLANILHA   IV","Novos Material de Manutenção de Elétrica / Marcenaria / Ferramentas",{"$f":"'Planilha IV - Novos Materiais'!$W$51","v":0}]
[null,"  Valor Estimado ",null,null,{"$f":"SUM(E14:E17)","v":80121.22},null,{"$f":"E18","v":80121.22}]
[]
[null,"2ª/GRA/USA","PLANILHA    I","Material de Manutenção Elétrica",{"$f":"'Planilha I - Eletrico'!$X$62","v":46333.69}]
[null,null,"PLANILHA   II","Material de Manutenção Hidráulica",{"$f":"'Planilha II - Hidráulico'!$X$52","v":24616.050000000003}]
[null,null,"PLANILHA   III","Material de Manutenção de Marcenaria / Ferramentas",{"$f":"'Planilha III - Macenaria-Ferram'!$X$51","v":11247.199999999999}]
[null,null,"PLANILHA   IV","Novos Material de Manutenção de Elétrica / Marcenaria / Ferramentas",{"$f":"'Planilha IV - Novos Materiais'!$X$51","v":0}]
[null,"  Valor Estimado ",null,null,{"$f":"SUM(E20:E23)","v":82196.94},null,{"$f":"E24","v":82196.94}]
[]
[null,"3ª/GRA/USA","PLANILHA    I","Material de Manutenção Elétrica",{"$f":"'Planilha I - Eletrico'!$Y$62","v":24535.489999999998}]
[null,null,"PLANILHA   II","Material de Manutenção Hidráulica",{"$f":"'Planilha II - Hidráulico'!$Y$52","v":1792.9399999999998}]
[null,null,"PLANILHA   III","Material de Manutenção de Marcenaria / Ferramentas",{"$f":"'Planilha III - Macenaria-Ferram'!$Y$51","v":4874.09}]
[null,null,"PLANILHA   IV","Novos Material de Manutenção de Elétrica / Marcenaria / Ferramentas",{"$f":"'Planilha IV - Novos Materiais'!$Y$51","v":0}]
[null,"  Valor Estimado ",null,null,{"$f":"SUM(E26:E29)","v":31202.519999999997},null,{"$f":"E30","v":31202.519999999997}]
[]
[null,"4ª/GRA/USA","PLANILHA    I","Material de Manutenção Elétrica",{"$f":"'Planilha I - Eletrico'!$Z$62","v":26372.210000000003}]
[null,null,"PLANILHA   II","Material de Manutenção Hidráulica",{"$f":"'Planilha II - Hidráulico'!$Z$52","v":9070.43}]
[null,null,"PLANILHA   III","Material de Manutenção de Marcenaria / Ferramentas",{"$f":"'Planilha III - Macenaria-Ferram'!$Z$51","v":3069.6699999999996}]
[null,null,"PLANILHA   IV","Novos Material de Manutenção de Elétrica / Marcenaria / Ferramentas",{"$f":"'Planilha IV - Novos Materiais'!$Z$51","v":4151.8399999999992}]
[null,"  Valor Estimado ",null,null,{"$f":"SUM(E32:E35)","v":42664.149999999994},null,{"$f":"E36","v":42664.149999999994}]
[]
[null,"5ª/GRA/USA","PLANILHA    I","Material de Manutenção Elétrica",{"$f":"'Planilha I - Eletrico'!$AA$62","v":71766.399999999994}]
[null,null,"PLANILHA   II","Material de Manutenção Hidráulica",{"$f":"'Planilha II - Hidráulico'!$AA$52","v":5565.1799999999994}]
[null,null,"PLANILHA   III","Material de Manutenção de Marcenaria / Ferramentas",{"$f":"'Planilha III - Macenaria-Ferram'!$AA$51","v":7310.13}]
[null,null,"PLANILHA   IV","Novos Material de Manutenção de Elétrica / Marcenaria / Ferramentas",{"$f":"'Planilha IV - Novos Materiais'!$AA$51","v":0}]
[null,"  Valor Estimado ",null,null,{"$f":"SUM(E38:E41)","v":84641.709999999992},null,{"$f":"E42","v":84641.709999999992}]
[]
[null,"6ª/GRA/USA","PLANILHA    I","Material de Manutenção Elétrica",{"$f":"'Planilha I - Eletrico'!$AB$62","v":34895.769999999997}]
[null,null,"PLANILHA   II","Material de Manutenção Hidráulica",{"$f":"'Planilha II - Hidráulico'!$AB$52","v":12272.37}]
[null,null,"PLANILHA   III","Material de Manut. de Marcenaria / Ferramentas",{"$f":"'Planilha III - Macenaria-Ferram'!$AB$51","v":4711.3799999999992}]
[null,null,"PLANILHA   IV","Novos Material de Manutenção de Elétrica / Marcenaria / Ferramentas",{"$f":"'Planilha IV - Novos Materiais'!$AB$51","v":0}]
[null,"  Valor Estimado ",null,null,{"$f":"SUM(E44:E47)","v":51879.519999999997},null,{"$f":"E48","v":51879.519999999997}]
[]
[null,"7ª/GRA/USA","PLANILHA    I","Material de Manutenção Elétrica",{"$f":"'Planilha I - Eletrico'!$AC$62","v":98170.6}]
[null,null,"PLANILHA   II","Material de Manutenção Hidráulica",{"$f":"'Planilha II - Hidráulico'!$AC$52","v":35271.699999999997}]
[null,null,"PLANILHA   III","Material de Manut. de Marcenaria / Ferramentas",{"$f":"'Planilha III - Macenaria-Ferram'!$AC$51","v":0}]
[null,null,"PLANILHA   IV","Novos Material de Manutenção de Elétrica / Marcenaria / Ferramentas",{"$f":"'Planilha IV - Novos Materiais'!$AC$51","v":48014.48000000001}]
[null,"  Valor Estimado ",null,null,{"$f":"SUM(E50:E53)","v":181456.78},null,{"$f":"E54","v":181456.78}]
[]
[null,"8ª/GRA/USA","PLANILHA    I","Material de Manutenção Elétrica",{"$f":"'Planilha I - Eletrico'!$AD$62","v":0}]
[null,null,"PLANILHA   II","Material de Manutenção Hidráulica",{"$f":"'Planilha II - Hidráulico'!$AD$52","v":0}]
[null,null,"PLANILHA   III","Material de Manut. de Marcenaria / Ferramentas",{"$f":"'Planilha III - Macenaria-Ferram'!$AD$51","v":0}]
[null,null,"PLANILHA   IV","Novos Material de Manut. de Elétrica / Marcenaria / Ferramentas",{"$f":"'Planilha IV - Novos Materiais'!$AD$51","v":0}]
[null,"  Valor Estimado ",null,null,{"$f":"SUM(E56:E59)","v":0},null,{"$f":"E60","v":0}]
[]
[]
[null,"  Valor Global Estimado",null,null,{"$f":"SUM(G8:G60)","v":1024040.35},null,{"$f":"SUM(G8:G62)","v":1024040.35}]
[]
[]
[null,"Em conformidade com o Decreto Nº 7.892, de 23 de Janeiro de 2013,  Art.7º, inciso § 2o :"]
[]
[null,"“Na licitação para registro de preços não é necessário indicar a dotação orçamentária, que somente\nserá exigida para a formalização do contrato ou outro instrumento hábil.”"]

{"sheet":"Total Estimado 2","index":5,"n_rows":25,"n_cols":5,"rows_kept":25,"cut":false,"hidden":false,"merged":[[9,1,9,2],[15,1,15,3],[19,1,19,4],[24,1,24,4],[2,2,2,4],[3,2,3,4],[4,2,4,4],[5,2,5,4],[8,3,8,4]]}
[]
[]
[null,null,"MINISTÉRIO DA INTEGRAÇÃO NACIONAL - MI"]
[null,null," COMPANIHA DE DESENVOL. DOS VALES DO SÃO FRANCISCO E DO PARNAÍBA - CODEVASF"]
[null,null,"ÁREA DE GESTÃO ADMINISTRATIVA E DE SUPORTE LOGÍSTICO"]
[null,null,"Gerência de Patrimônio, Materiais e Serviços Auxiliares"]
[]
[]
[]
[null,"Composição",null,"Setor Responsável","Valores"]
[null,"PLANILHA  I","Material de Manutenção Elétrica","Sede e SR´s",{"$f":"'Planilha I - Eletrico'!$T$62","v":697216.05999999982}]
[null,"PLANILHA  II","Material de Manutenção Hidráulica","Sede e SR´s",{"$f":"'Planilha II - Hidráulico'!$T$52","v":160480.62}]
[null,"PLANILHA  III","Material de Manutenção de Marcenaria","Sede e SR´s",{"$f":"'Planilha III - Macenaria-Ferram'!$T$51","v":53416.340000000004}]
[null,"PLANILHA  IV","Novos Material de Manutenção de Elétrica / Marcenaria / Ferramentas","Sede e SR´s",{"$f":"'Planilha IV - Novos Materiais'!$T$51","v":112927.32999999999}]
[]
[null,"Valor Global Estimado",null,null,{"$f":"SUM(E11:E15)","v":1024040.3499999997}]
[]
[]
[]
[null,"Em conformidade com o Decreto Nº 7.892, de 23 de Janeiro de 2013,  Art.7º, inciso § 2o :"]
[]
[]
[]
[]
[null,"“Na licitação para registro de preços não é necessário indicar a dotação orçamentária, que somente\nserá exigida para a formalização do contrato ou outro instrumento hábil.”"]